000 00561nam a2200181 i 4500
001 93851
003 ES-MaACL
005 20230906181330.0
007 t|
008 050421s1962 sp ||||1| spa d
100 1 _aLópez y López, Román.
_974036
245 1 0 _aSantiago de Compostela
_b: guía del peregrino y del turista /
_cpor Román López y López.
250 _a12ª ed.
260 _aSantiago :
_bSeminario Conciliar,
_c1962.
300 _a86 p., 13 lám ;
_c19 cm.
852 _aES-MaACL
_jC-22616
_bR.50215
852 _aES-MaACL
_jC-26227
_bR.55173
999 _c93851
_d93851